000 00687nam a2200229 a 4500
001 13762
003 BD-JhCC
005 20240321113236.0
008 240321b2024 bg |||| ||a| 000 0 Ben d
020 _a9789845028851
035 _a(BD-JhCC)13762
040 _aBD-JhCC
_dBD-JhCC
041 _aBengali
082 _a891.4415
_bSHI 2024
100 _aশিকদার,আব্দুল মান্নান
245 _aবেদনাচর /
_cআব্দুল মান্নান শিকদার।
260 _aঢাকা:
_bঅন্য প্রকাশ;
_c2024.
300 _a80 p. :
_c22 cm
650 _aBengali Poem.
942 _2ddc
_cBK
999 _c13762
_d13762